000
00222nam a22001097a 4500
082
_a
GRI
100
_a
Griebach
245
_a
Teaching Supplement
260
_b
Max Hauber Verlage,
_c
1963.
300
_a
139p. ;
942
_c
BK
999
_c
57333
_d
57330